[Event "Jm KP I 24-25 Kurim B - Kurim A"]
[Site "Kurim"]
[Date "2024.10.20"]
[Round "1.1"]
[White "Pokorny, Petr"]
[Black "Nemec, David"]
[Result "1/2-1/2"]
[WhiteElo "2116"]
[BlackElo "2073"]
[PlyCount "20"]

1. d4 d5 2. c4 c6 3. Nc3 Nf6 4. cxd5 cxd5 5. Bf4 Nc6 6. e3 a6 7. Bd3 Bg4 8.
Nge2 e6 9. O-O Be7 10. Rc1 O-O 1/2-1/2

[Event "Jm KP I 24-25 Kurim B - Kurim A"]
[Site "Kurim"]
[Date "2024.10.20"]
[Round "1.2"]
[White "Tajovsky, Martin"]
[Black "Krena, Bohuslav"]
[Result "1/2-1/2"]
[WhiteElo "2212"]
[BlackElo "1935"]
[PlyCount "77"]

1. d4 e6 2. g3 d5 3. Bg2 f5 4. c4 c6 5. Nc3 Nf6 6. Nh3 Be7 7. O-O O-O 8. Qd3
Ne4 9. f3 Nxc3 10. Qxc3 Nd7 11. Nf2 Bf6 12. cxd5 exd5 13. Nd3 Qb6 14. e3 Re8
15. Rb1 a5 16. a4 Nf8 17. Bd2 Ne6 18. Kh1 Qc7 19. Rfc1 Bd7 20. b4 b6 21. Qb3
axb4 22. Nxb4 Qb7 23. Nd3 Ra6 24. a5 b5 25. Nb4 Ra7 26. Rc2 Rc8 27. Rbc1 Bd8
28. a6 Qa8 29. Ra2 Be7 30. Rca1 Rcc7 31. Qd3 g6 32. e4 dxe4 33. fxe4 Qf8 34.
Rb1 fxe4 35. Bxe4 Qg7 36. Be3 Ng5 37. Bxg5 Bxg5 38. d5 c5 39. Nc6 1/2-1/2

[Event "Jm KP I 24-25 Kurim B - Kurim A"]
[Site "Kurim"]
[Date "2024.10.20"]
[Round "1.3"]
[White "Keprt, Tomas"]
[Black "Majer, Jiri"]
[Result "0-1"]
[WhiteElo "1819"]
[BlackElo "2147"]
[PlyCount "64"]

1. d4 Nf6 2. c4 g6 3. Nc3 Bg7 4. Nf3 O-O 5. Bg5 d6 6. e3 Nbd7 7. Bd3 c6 8. Qe2
Qc7 9. O-O e5 10. Rfd1 Re8 11. dxe5 dxe5 12. Bc2 Nc5 13. e4 Ne6 14. Be3 Nf4 15.
Bxf4 exf4 16. Nd4 Ng4 17. h3 Bxd4 18. Rxd4 f3 19. Qxf3 Qh2+ 20. Kf1 Qh1+ 21.
Ke2 Qxa1 22. hxg4 Qxb2 23. Qd3 Bxg4+ 24. f3 Be6 25. Na4 Qxa2 26. Nc5 b5 27.
cxb5 cxb5 28. Kd1 Qa1+ 29. Kd2 Qxd4 30. Qxd4 Red8 31. Nxe6 fxe6 32. Kc3 Rac8+
0-1

[Event "Jm KP I 24-25 Kurim B - Kurim A"]
[Site "Kurim"]
[Date "2024.10.20"]
[Round "1.4"]
[White "Parak, Dominik"]
[Black "Rubes, Pavel"]
[Result "1/2-1/2"]
[WhiteElo "2024"]
[BlackElo "1960"]
[PlyCount "30"]

1. e4 c6 2. d4 d5 3. e5 Bf5 4. Nf3 e6 5. Be2 c5 6. c3 Nc6 7. O-O Qb6 8. dxc5
Bxc5 9. b4 Be7 10. Bf4 f6 11. Nbd2 fxe5 12. Nxe5 Nf6 13. Ndf3 O-O 14. a4 Nxe5
15. Nxe5 Bd6 1/2-1/2

[Event "Jm KP I 24-25 Kurim B - Kurim A"]
[Site "Kurim"]
[Date "2024.10.20"]
[Round "1.5"]
[White "Pesl, Jan"]
[Black "Pavlik, Vladimir"]
[Result "1-0"]
[WhiteElo "1858"]
[BlackElo "1967"]
[PlyCount "65"]

1. e4 d6 2. d4 Nf6 3. Nc3 Nbd7 4. f4 e5 5. Nf3 exd4 6. Qxd4 c6 7. Be3 d5 8.
exd5 Bc5 9. Qd2 Qe7 10. Nd4 Nb6 11. dxc6 bxc6 12. O-O-O O-O 13. Bg1 Qc7 14. Ne6
Bxe6 15. Bxc5 Rfd8 16. Bd3 Rab8 17. Qf2 a5 18. h3 Nbd5 19. Nxd5 Bxd5 20. Rhe1
Re8 21. g4 Qb7 22. Rxe8+ Rxe8 23. Bd4 Ne4 24. Qh4 Qb4 25. Bxe4 Bxe4 26. Qg5 Bg6
27. Qc5 Qa4 28. f5 Qxa2 29. Qxc6 Rd8 30. b3 f6 31. fxg6 hxg6 32. Qc4+ Kh7 33.
Qa4 1-0

[Event "Jm KP I 24-25 Kurim B - Kurim A"]
[Site "Kurim"]
[Date "2024.10.20"]
[Round "1.6"]
[White "Soucek, Andrej"]
[Black "Cihal, Jan"]
[Result "1/2-1/2"]
[WhiteElo "1931"]
[BlackElo "1869"]
[PlyCount "34"]

1. e4 c5 2. Nf3 Nc6 3. Bb5 d6 4. d4 cxd4 5. Nxd4 Bd7 6. O-O Nf6 7. Nc3 g6 8. h3
Bg7 9. Be3 O-O 10. Qd2 Re8 11. Rfe1 a6 12. Nxc6 Bxc6 13. Bxc6 bxc6 14. Qd3 Nd7
15. Bd4 Ne5 16. Qe2 Qa5 17. Kh1 Qb4 1/2-1/2

[Event "Jm KP I 24-25 Kurim B - Kurim A"]
[Site "Kurim"]
[Date "2024.10.20"]
[Round "1.7"]
[White "Bauer, Miroslav"]
[Black "Horak, Bronislav"]
[Result "1/2-1/2"]
[WhiteElo "1789"]
[BlackElo "1928"]
[PlyCount "60"]

1. d4 f5 2. Nf3 Nf6 3. c4 e6 4. Nc3 b6 5. Bg5 Be7 6. e3 Bb7 7. Bd3 O-O 8. Qe2
d6 9. e4 Nxe4 10. Nxe4 fxe4 11. Bxe4 d5 12. Bxe7 Qxe7 13. cxd5 Qb4+ 14. Qd2
Qxd2+ 15. Kxd2 exd5 16. Bd3 Nd7 17. Rhe1 Rae8 18. Rxe8 Rxe8 19. Re1 Rxe1 20.
Kxe1 c5 21. b3 cxd4 22. Nxd4 Ne5 23. Bb5 Kf7 24. Nc6 Nd3+ 25. Bxd3 Bxc6 26. Kd2
g6 27. Ke3 Kf6 28. h4 Bb7 29. f4 Bc8 30. Kd4 Bb7 1/2-1/2

[Event "Jm KP I 24-25 Kurim B - Kurim A"]
[Site "Kurim"]
[Date "2024.10.20"]
[Round "1.8"]
[White "Krupica, Pavel"]
[Black "Lastovicka, Frantisek"]
[Result "1-0"]
[WhiteElo "1912"]
[BlackElo "1789"]
[PlyCount "47"]

1. e4 c5 2. c3 d5 3. exd5 Qxd5 4. d4 cxd4 5. cxd4 e6 6. Nc3 Bb4 7. Nf3 Ne7 8.
Bd3 Nbc6 9. O-O Bxc3 10. bxc3 O-O 11. c4 Qd6 12. Re1 Rd8 13. Bb2 b6 14. Bxh7+
Kxh7 15. Ng5+ Kg8 16. Qh5 Ng6 17. Qh7+ Kf8 18. d5 Nce5 19. f4 Nxf4 20. Bxe5
Qc5+ 21. Kh1 f6 22. Bxf6 Ke8 23. dxe6 Nd3 24. Qg6+ 1-0

[Event "Jm KP I 24-25 Loko Brno B - Sloup"]
[Site "?"]
[Date "2024.10.20"]
[Round "2.1"]
[White "Straka, Vojtech"]
[Black "Pokladnik, Martin"]
[Result "1/2-1/2"]
[WhiteElo "2007"]
[BlackElo "2046"]
[PlyCount "54"]

1. c4 Nf6 2. Nc3 e6 3. d4 Bb4 4. Nf3 b6 5. g3 Ne4 6. Qd3 Bb7 7. Bg2 f5 8. O-O
Nxc3 9. bxc3 Be4 10. Qe3 Be7 11. Nd2 Bxg2 12. Kxg2 O-O 13. Qf3 c6 14. e4 Bg5
15. Qd3 Bxd2 16. Bxd2 fxe4 17. Qxe4 Na6 18. Rad1 Qe7 19. h4 Rae8 20. Bf4 Rf5
21. Rd2 Ref8 22. Re1 h6 23. Rh1 R8f7 24. c5 bxc5 25. Qd3 c4 26. Qxc4 Rb5 27. a4
Rb6 1/2-1/2

[Event "Jm KP I 24-25 Loko Brno B - Sloup"]
[Site "?"]
[Date "2024.10.20"]
[Round "2.2"]
[White "Bohacek, Milan"]
[Black "Wunsch, Radek"]
[Result "0-1"]
[WhiteElo "2018"]
[BlackElo "1954"]
[PlyCount "90"]

1. c4 e5 2. Nc3 Bb4 3. Nd5 Bc5 4. Nf3 e4 5. d4 Bf8 6. Bf4 exf3 7. Nxc7+ Qxc7 8.
Bxc7 Bb4+ 9. Qd2 Bxd2+ 10. Kxd2 fxg2 11. Bxg2 Ne7 12. h4 O-O 13. e4 Re8 14. f4
d5 15. cxd5 Nd7 16. b4 Nf6 17. b5 Bd7 18. d6 Bxb5 19. dxe7 Rxe7 20. Be5 Ne8 21.
d5 f6 22. Bd4 Nd6 23. Rhe1 Rae8 24. e5 fxe5 25. Bc5 Nc4+ 26. Kc3 Rf7 27. Re4
Rxf4 28. Rae1 Rxe4 29. Rxe4 b6 30. Bf2 Nd6 31. Re1 Rc8+ 32. Kb3 Bc4+ 33. Kb2 e4
34. Bh3 Rd8 35. Be6+ Kh8 36. Rg1 Nb5 37. a4 Nc7 38. Bd4 Nxe6 39. dxe6 Rxd4 40.
Rf1 Kg8 41. e7 Bf7 42. Rc1 Rb4+ 43. Ka1 Rxa4+ 44. Kb1 Rb4+ 45. Ka1 e3 0-1

[Event "Jm KP I 24-25 Loko Brno B - Sloup"]
[Site "?"]
[Date "2024.10.20"]
[Round "2.3"]
[White "Pribyl, Rene"]
[Black "Sevcik, David"]
[Result "1/2-1/2"]
[WhiteElo "1920"]
[BlackElo "1995"]
[PlyCount "82"]

1. d4 d5 2. c4 e6 3. Nc3 Nf6 4. Nf3 Be7 5. Bf4 c6 6. e3 O-O 7. h3 Nbd7 8. c5 b6
9. b4 bxc5 10. bxc5 Qa5 11. Qd2 Bd8 12. Ne5 Nxe5 13. Bxe5 Nd7 14. Bd6 Re8 15.
f4 Bc7 16. Bxc7 Qxc7 17. Bd3 f5 18. O-O a5 19. Rfb1 Ba6 20. Rb2 Bxd3 21. Qxd3
Reb8 22. Rab1 Rxb2 23. Rxb2 Rb8 24. Qb1 Rxb2 25. Qxb2 Qb8 26. Qxb8+ Nxb8 27.
Nb1 Kf7 28. Nd2 a4 29. Nb1 Na6 30. a3 Nc7 31. Nc3 Nb5 32. Nxa4 Nxa3 33. Nb6 Ke7
34. Nc8+ Kd7 35. Nd6 Nb1 36. g4 g6 37. Nf7 Nc3 38. Kg2 Ne4 39. Kf3 Nd2+ 40. Kg3
Nc4 41. Kf2 Ke7 1/2-1/2

[Event "Jm KP I 24-25 Loko Brno B - Sloup"]
[Site "?"]
[Date "2024.10.20"]
[Round "2.4"]
[White "Moc, Roman"]
[Black "Marsa, Alexandr"]
[Result "0-1"]
[WhiteElo "1947"]
[BlackElo "1971"]
[PlyCount "114"]

1. e4 e6 2. Nf3 d5 3. Nc3 Nf6 4. exd5 exd5 5. d4 Bb4 6. Bd2 O-O 7. Be2 Re8 8.
O-O Bg4 9. h3 Bh5 10. Re1 Nc6 11. Bg5 Bxc3 12. bxc3 Qd6 13. Bxf6 Qxf6 14. Qd2
Re7 15. Nh2 Bxe2 16. Rxe2 Rae8 17. Ng4 Qd6 18. Rxe7 Qxe7 19. Ne3 Qd7 20. Rb1
Nd8 21. c4 dxc4 22. Nxc4 Qd5 23. Qc3 Ne6 24. Ne3 Qe4 25. d5 Nf4 26. Qxc7 Nxd5
27. Qxb7 Nc3 28. Qxe4 Nxe4 29. Rb7 Ra8 30. f3 Nc5 31. Rb5 Ne6 32. Ra5 Kf8 33.
Kf2 Ke7 34. c4 g6 35. Ra6 Kd7 36. Nd5 Nc5 37. Ra3 Kc6 38. Nf6 h5 39. Ne4 Nxe4+
40. fxe4 Kc5 41. Ra4 a5 42. h4 Rd8 43. Rxa5+ Kxc4 44. Kf3 Rd2 45. g3 Rd1 46.
Ra7 Ra1 47. a4 Kd4 48. Rd7+ Ke5 49. Rd5+ Ke6 50. a5 Ra3+ 51. Kf4 Ra4 52. Re5+
Kf6 53. Rb5 Kg7 54. Rg5 f5 55. Kf3 Rxe4 56. g4 hxg4+ 57. Kg3 Kf6 0-1

[Event "Jm KP I 24-25 Loko Brno B - Sloup"]
[Site "?"]
[Date "2024.10.20"]
[Round "2.5"]
[White "Vesely, Jaromir"]
[Black "Moc, Martin"]
[Result "1-0"]
[WhiteElo "1930"]
[BlackElo "1976"]
[PlyCount "103"]

1. d4 Nf6 2. c4 g6 3. Nc3 d5 4. cxd5 Nxd5 5. e4 Nxc3 6. bxc3 Bg7 7. Be3 O-O 8.
Qd2 Nd7 9. Rd1 Nf6 10. f3 c6 11. Bd3 Qa5 12. Ne2 e5 13. O-O Be6 14. Nc1 Rad8
15. Nb3 Bxb3 16. axb3 exd4 17. cxd4 Qxd2 18. Rxd2 Rfe8 19. Kf2 h6 20. Rfd1 g5
21. Bc4 b6 22. b4 Re7 23. b5 Rc7 24. bxc6 Rxc6 25. Bb5 Rc3 26. d5 Nd7 27. Bxd7
Rxd7 28. Bd4 Bxd4+ 29. Rxd4 f6 30. g3 Rc2+ 31. R1d2 Rxd2+ 32. Rxd2 Kf7 33. f4
a5 34. e5 fxe5 35. fxe5 Ke7 36. Ke3 a4 37. Kd4 Ra7 38. Rf2 a3 39. d6+ Ke8 40.
Ra2 Kd7 41. Rf2 Ra4+ 42. Kd5 Ra5+ 43. Ke4 a2 44. Rf7+ Ke8 45. e6 Re5+ 46. Kxe5
a1=Q+ 47. Kf5 Qf1+ 48. Ke5 Qe2+ 49. Kf6 Qb2+ 50. Kg6 Qh8 51. Ra7 Qg8+ 52. Kf6
1-0

[Event "Jm KP I 24-25 Loko Brno B - Sloup"]
[Site "?"]
[Date "2024.10.20"]
[Round "2.6"]
[White "Skocik, Marek"]
[Black "Vacekova, Anita"]
[Result "1-0"]
[WhiteElo "1956"]
[BlackElo "1817"]
[PlyCount "107"]

1. e4 e5 2. Nf3 Nc6 3. Bc4 Nf6 4. d3 Bc5 5. c3 a6 6. b4 Ba7 7. O-O d6 8. Re1
O-O 9. Nbd2 Ng4 10. Re2 Kh8 11. h3 f5 12. exf5 Nxf2 13. Rxf2 Bxf2+ 14. Kxf2 d5
15. Bb3 Bxf5 16. Nf1 Bxh3 17. gxh3 e4 18. dxe4 dxe4 19. Qxd8 Raxd8 20. N1h2
exf3 21. Be3 Rd3 22. Rc1 Ne5 23. Ng4 Nxg4+ 24. hxg4 Re8 25. Re1 Rxc3 26. Kxf3
h6 27. g5 Rf8+ 28. Kg4 Re8 29. Kf3 Rf8+ 30. Ke2 Kh7 31. Kd2 Rc6 32. Bc2+ Kh8
33. gxh6 Rd8+ 34. Kc1 gxh6 35. Rh1 Kg7 36. Kb2 Re6 37. Rg1+ Kh8 38. Rg3 c6 39.
Kc3 Red6 40. Rg4 h5 41. Bd4+ Rxd4 42. Rxd4 Rg8 43. Rh4 Rg3+ 44. Kc4 b5+ 45. Kd4
Rg5 46. Be4 Kg7 47. Bxc6 Kh6 48. Be8 Rg2 49. Rxh5+ Kg7 50. Bxb5 axb5 51. Rxb5
Rxa2 52. Rf5 Rd2+ 53. Kc5 Rc2+ 54. Kb6 1-0

[Event "Jm KP I 24-25 Loko Brno B - Sloup"]
[Site "?"]
[Date "2024.10.20"]
[Round "2.7"]
[White "Mikolas, Jakub"]
[Black "Balaz, Frantisek"]
[Result "1/2-1/2"]
[WhiteElo "1767"]
[BlackElo "1912"]
[PlyCount "56"]

1. d4 g6 2. c4 d6 3. Nf3 Bg7 4. g3 Nf6 5. Bg2 O-O 6. O-O Nc6 7. Nc3 Bf5 8. d5
Na5 9. Nd2 b6 10. h3 Rc8 11. e4 Bd7 12. Qc2 c6 13. b4 Nb7 14. Bb2 cxd5 15. Nxd5
Nxd5 16. Bxg7 Kxg7 17. exd5 Kg8 18. Nb3 Ba4 19. Qd3 a5 20. a3 Bxb3 21. Qxb3 Qd7
22. Rac1 Ra8 23. Ra1 Rfc8 24. Rfc1 Qc7 25. Bf1 Qd7 26. Qe3 Qc7 27. Re1 Re8 28.
Qd4 Rac8 1/2-1/2

[Event "Jm KP I 24-25 Vyskov - Hustopece"]
[Site "?"]
[Date "2024.10.20"]
[Round "3.1"]
[White "Cermak, Jan"]
[Black "Markovice, Ivan"]
[Result "1-0"]
[WhiteElo "2014"]
[BlackElo "1999"]
[PlyCount "57"]
[EventDate "2024.10.20"]

1. e4 d6 2. d4 Nf6 3. Nc3 e5 4. Nf3 Nbd7 5. Bc4 Be7 6. O-O c6 7. a4 Qc7 8. h3
h6 9. Qe2 Nf8 10. d5 c5 11. Nb5 Qd8 12. Na3 g5 13. Bb5+ N6d7 14. Ne1 Ng6 15. g3
a6 16. Bd3 Nf6 17. Kg2 g4 18. hxg4 Bxg4 19. f3 Bd7 20. Rh1 h5 21. Nc4 b5 22.
axb5 Bxb5 23. Ne3 Bd7 24. Nf5 h4 25. g4 Rg8 26. Kh3 Nh7 27. Nxe7 Qxe7 28. Bb5
axb5 29. Rxa8+ 1-0

[Event "Jm KP I 24-25 Vyskov - Hustopece"]
[Site "?"]
[Date "2024.10.20"]
[Round "3.2"]
[White "Hradek, Matyas"]
[Black "Zabloudil, Radek"]
[Result "1/2-1/2"]
[WhiteElo "1915"]
[BlackElo "1938"]
[PlyCount "67"]
[EventDate "2024.10.20"]

1. e4 c5 2. Nf3 Nc6 3. Bb5 g6 4. O-O Bg7 5. Re1 e6 6. Nc3 Nge7 7. d3 a6 8. Bxc6
Nxc6 9. e5 d5 10. exd6 Qxd6 11. Ne4 Qc7 12. Nxc5 Nb4 13. d4 b6 14. a3 bxc5 15.
axb4 cxb4 16. Bd2 Qb6 17. Ra4 a5 18. Bxb4 Bd7 19. Bc5 Qxb2 20. Ra1 Bf8 21. Ne5
Bxc5 22. Qf3 O-O 23. Nxd7 Bxd4 24. Nxf8 Rxf8 25. Rad1 a4 26. Re4 e5 27. c3 f5
28. Re2 Qxc3 29. Qxc3 Bxc3 30. Ra2 Ra8 31. Rd7 a3 32. Rb7 Rd8 33. Kf1 Bb2 34.
Ke2 1/2-1/2

[Event "Jm KP I 24-25 Vyskov - Hustopece"]
[Site "?"]
[Date "2024.10.20"]
[Round "3.3"]
[White "Rozumek, Vlastimil"]
[Black "Urban, Vlastimil"]
[Result "1/2-1/2"]
[WhiteElo "1931"]
[BlackElo "1894"]
[PlyCount "117"]
[EventDate "2024.10.20"]

1. d4 d5 2. Nf3 Nc6 3. h3 Bf5 4. c3 e6 5. Bf4 Bd6 6. Bxd6 Qxd6 7. e3 a6 8. Qb3
Rb8 9. Be2 Nge7 10. O-O O-O 11. Nh4 Bxb1 12. Raxb1 e5 13. dxe5 Nxe5 14. Nf3 c6
15. Rfd1 Qf6 16. Qb6 Nf5 17. Nxe5 Qxe5 18. Rd2 Nd6 19. Rbd1 Ne4 20. Rd4 Nf6 21.
Bf3 Nd7 22. Qa5 Qf6 23. Rf4 Qe7 24. c4 b6 25. Qd2 Ne5 26. cxd5 Nxf3+ 27. Rxf3
Rbd8 28. d6 Qb7 29. d7 f6 30. Rf4 c5 31. Rf5 Rf7 32. Rd5 Re7 33. Qd3 g6 34. h4
Kg7 35. f3 Rf7 36. Kf2 Re7 37. b3 Qc7 38. Rd6 b5 39. h5 c4 40. Qd4 Rf7 41. hxg6
hxg6 42. bxc4 bxc4 43. g4 g5 44. f4 gxf4 45. exf4 Qa5 46. Qxc4 Qa3 47. R1d3
Qb2+ 48. Rd2 Qb1 49. Qc3 Qh1 50. Qf3 Qh2+ 51. Kf1 Qh4 52. Qg2 Re7 53. Re2 Rexd7
54. Rde6 Rd1+ 55. Re1 Rxe1+ 56. Rxe1 Rd7 57. g5 Qxf4+ 58. Kg1 Qxg5 59. Qxg5+
1/2-1/2

[Event "Jm KP I 24-25 Vyskov - Hustopece"]
[Site "?"]
[Date "2024.10.20"]
[Round "3.4"]
[White "Kuchynka, Lubos"]
[Black "Hejny, Jaroslav"]
[Result "1/2-1/2"]
[WhiteElo "1905"]
[BlackElo "1992"]
[PlyCount "38"]
[EventDate "2024.10.20"]

1. d4 d5 2. c4 e6 3. Nc3 Nf6 4. cxd5 exd5 5. Bg5 c6 6. Qc2 Be7 7. e3 Be6 8. Bd3
Nbd7 9. Nge2 O-O 10. O-O h6 11. Bh4 c5 12. Rad1 Rc8 13. Qb1 Qb6 14. Bb5 Rfd8
15. Bxd7 Rxd7 16. Bxf6 Bxf6 17. dxc5 Qxc5 18. Rc1 Qf8 19. Nb5 a6 1/2-1/2

[Event "Jm KP I 24-25 Vyskov - Hustopece"]
[Site "?"]
[Date "2024.10.20"]
[Round "3.5"]
[White "Sysel, Michal"]
[Black "Sedy, Ctirad"]
[Result "1-0"]
[WhiteElo "1817"]
[BlackElo "1817"]
[PlyCount "65"]
[EventDate "2024.10.20"]

1. Nf3 c5 2. g3 g6 3. c3 Bg7 4. d4 cxd4 5. cxd4 Nf6 6. Bg2 O-O 7. O-O d5 8. Nc3
e6 9. Bf4 a6 10. Rc1 b5 11. Ne5 Ra7 12. Nxg6 fxg6 13. Bxb8 Raf7 14. Be5 Ng4 15.
Bxg7 Kxg7 16. Bf3 Nh6 17. Qd2 Rxf3 18. exf3 Rxf3 19. Qe2 Rf5 20. Nd1 Nf7 21.
Ne3 Rh5 22. Rc5 e5 23. Rxd5 Qb6 24. Rc1 Be6 25. Rdc5 Bxa2 26. d5 e4 27. b3 Bxb3
28. Qb2+ Ne5 29. Ng4 Qd6 30. Rc7+ Kf8 31. Rc8+ Kf7 32. R1c7+ Nd7 33. Rxd7+ 1-0

[Event "Jm KP I 24-25 Vyskov - Hustopece"]
[Site "?"]
[Date "2024.10.20"]
[Round "3.6"]
[White "Dorazilova, Kristyna"]
[Black "Nerud, Matous"]
[Result "0-1"]
[WhiteElo "1672"]
[BlackElo "1619"]
[PlyCount "68"]
[EventDate "2024.10.20"]

1. c4 e5 2. g3 Nc6 3. Bg2 f5 4. Nc3 Bb4 5. e3 Bxc3 6. bxc3 Nf6 7. Ne2 O-O 8.
O-O d6 9. Rb1 Qe8 10. Ba3 b6 11. d4 e4 12. c5 dxc5 13. dxc5 Rf7 14. Nd4 Ne5 15.
Qb3 Ba6 16. Rfd1 Bc4 17. Qb2 Nd3 18. Qd2 Ng4 19. f3 Nge5 20. f4 Nc6 21. Bf1 Rf6
22. Bxd3 exd3 23. Re1 Qe4 24. Nxc6 Rxc6 25. Qg2 Qxg2+ 26. Kxg2 Bxa2 27. Rb2
Bd5+ 28. Kf2 bxc5 29. Rb5 a6 30. Rxc5 Rxc5 31. Bxc5 Bb3 32. Rb1 d2 33. Ke2 Rd8
34. Bd4 d1=Q+ 0-1

[Event "Jm KP I 24-25 Vyskov - Hustopece"]
[Site "?"]
[Date "2024.10.20"]
[Round "3.7"]
[White "Pukowietz, Patrik"]
[Black "Sknouril, Jakub"]
[Result "1/2-1/2"]
[WhiteElo "1658"]
[BlackElo "1702"]
[PlyCount "89"]
[EventDate "2024.10.20"]

1. e4 e5 2. Nf3 Nf6 3. Nxe5 d6 4. Nf3 Nxe4 5. d3 Nf6 6. d4 d5 7. Bd3 Bd6 8. O-O
O-O 9. Re1 Bg4 10. Bg5 Nbd7 11. Nbd2 c6 12. c3 Qc7 13. Qc2 Bh5 14. Bh4 Bg6 15.
Bxg6 hxg6 16. Bg3 Rae8 17. Bxd6 Qxd6 18. Nf1 Ne4 19. Ng3 Ndf6 20. Nxe4 Rxe4 21.
Rxe4 Nxe4 22. Ne5 Re8 23. f3 Nf6 24. Qd2 Nd7 25. Nxd7 Qxd7 26. Re1 Re6 27. Kf2
Kf8 28. Rxe6 Qxe6 29. Qf4 Qc8 30. Qd6+ Ke8 31. Qe5+ Kf8 32. Qd6+ Ke8 33. g4 Qd8
34. Qxd8+ Kxd8 35. h4 Ke7 36. Kg3 Ke6 37. Kf4 f6 38. a4 a6 39. b3 b6 40. Ke3 g5
41. hxg5 fxg5 42. Kd3 b5 43. a5 Kd6 44. b4 Ke6 45. Ke3 1/2-1/2

[Event "Jm KP I 24-25 Vyskov - Hustopece"]
[Site "?"]
[Date "2024.10.20"]
[Round "3.8"]
[White "Oujesky, Jakub"]
[Black "Mikulasek, Ondrej"]
[Result "1/2-1/2"]
[WhiteElo "1522"]
[BlackElo "1611"]
[PlyCount "55"]
[EventDate "2024.10.20"]

1. d4 d5 2. c4 c6 3. e3 Nf6 4. Nc3 e6 5. Nf3 Nbd7 6. Bd3 dxc4 7. Bxc4 b5 8. Bb3
a6 9. O-O Bb7 10. Bd2 c5 11. a3 Rc8 12. Ne2 Be7 13. Rc1 O-O 14. dxc5 Nxc5 15.
Ned4 Nxb3 16. Qxb3 Bd5 17. Rxc8 Qxc8 18. Qc3 Ne4 19. Qxc8 Rxc8 20. Rc1 Rxc1+
21. Bxc1 f6 22. Ne1 Nc5 23. f3 Nb3 24. Nxb3 Bxb3 25. Bd2 Kf7 26. Nd3 Bd5 27.
Kf2 e5 28. Bc3 1/2-1/2

[Event "Jm KP1 24-25 Lipovec A - Duras Brno B"]
[Site "?"]
[Date "2024.10.20"]
[Round "4.1"]
[White "Pernicova, Tana"]
[Black "Glozar, Petr"]
[Result "0-1"]
[WhiteElo "2026"]
[BlackElo "2133"]
[PlyCount "134"]

1. e4 c5 2. Nf3 g6 3. d4 cxd4 4. Nxd4 Bg7 5. c4 Nf6 6. Nc3 d6 7. Be2 Nc6 8. Nc2
O-O 9. O-O Bd7 10. Rb1 a6 11. Bg5 h6 12. Bh4 Na7 13. Ne3 Bc6 14. f3 b5 15. Ncd5
Bxd5 16. cxd5 Qb6 17. Bf2 Qb7 18. b4 Rfc8 19. Qd2 Rc7 20. Nc2 Nd7 21. Nd4 Nb6
22. Rfd1 Rac8 23. Qf4 Na4 24. Re1 Nc3 25. Rb2 Nxe2+ 26. Rbxe2 Rc4 27. Qd2 a5
28. bxa5 b4 29. h4 Nb5 30. Nc6 Kh7 31. Qd3 Rc3 32. Qb1 Rc4 33. Qb3 Na3 34. h5
R8xc6 35. dxc6 Qxc6 36. Qd3 e6 37. Rd1 Nb5 38. Red2 Be5 39. hxg6+ fxg6 40. Be3
Rc3 41. Qe2 Rc4 42. Qf2 g5 43. Kh1 Bc3 44. Rd3 e5 45. Qf1 Bd4 46. Bxd4 Nxd4 47.
R3d2 h5 48. Rb2 h4 49. Qe1 Rc2 50. Qxb4 h3 51. Rxc2 Qxc2 52. Qd2 Qc4 53. Rc1
hxg2+ 54. Kxg2 Qf7 55. Rh1+ Kg6 56. Rh3 Qc4 57. Rg3 Ne6 58. Kh2 Qc7 59. Qd5 Kf6
60. Qb3 Qxa5 61. Rg2 Qe1 62. Qc4 Nf4 63. Rc2 Qh4+ 64. Kg1 Qg3+ 65. Kf1 Qxf3+
66. Ke1 Ng2+ 67. Kd2 Qe3+ 0-1

[Event "Jm KP1 24-25 Lipovec A - Duras Brno B"]
[Site "?"]
[Date "2024.10.20"]
[Round "4.2"]
[White "Novy, Martin"]
[Black "Krejci, Petr"]
[Result "1-0"]
[WhiteElo "2099"]
[BlackElo "1923"]
[PlyCount "115"]

1. e4 c5 2. g3 Nc6 3. Bg2 e6 4. Nc3 Nf6 5. d3 Be7 6. Nge2 d5 7. exd5 exd5 8.
Bg5 Be6 9. O-O h6 10. Bxf6 Bxf6 11. Nf4 Bxc3 12. Nxe6 fxe6 13. Qh5+ Kd7 14.
bxc3 Qf6 15. c4 g6 16. Qe2 Ne5 17. Qd1 Qf5 18. c3 Nc6 19. cxd5 exd5 20. Qb3 Kc7
21. Qxd5 Qxd5 22. Bxd5 Rad8 23. Be4 Rd6 24. f4 Ne7 25. Rae1 Rh7 26. g4 Rg7 27.
Kg2 Ra6 28. Rf2 Rd6 29. Kg3 b6 30. Re3 Kd8 31. h3 Nd5 32. Bxd5 Rxd5 33. Kf3
Rgd7 34. Ke2 Re7 35. Rff3 Red7 36. Re4 b5 37. Rfe3 h5 38. Re5 hxg4 39. hxg4 c4
40. d4 b4 41. Rxd5 Rxd5 42. Re5 Rd6 43. cxb4 Rxd4 44. Ke3 Rd3+ 45. Ke4 Ra3 46.
Ra5 Rg3 47. g5 Rg2 48. Kd4 Rg4 49. Kxc4 Rxf4+ 50. Kb3 Rf7 51. Ra6 Rg7 52. a4
Kc8 53. b5 Kb7 54. Kb4 Rg8 55. Kc5 Rg7 56. Kd5 Kc8 57. Ke5 Kb7 58. Kf6 1-0

[Event "Jm KP1 24-25 Lipovec A - Duras Brno B"]
[Site "?"]
[Date "2024.10.20"]
[Round "4.3"]
[White "Sekanina, Jiri"]
[Black "Zuziak, Petr"]
[Result "1-0"]
[WhiteElo "1978"]
[BlackElo "1937"]
[PlyCount "89"]

1. e4 c5 2. Nf3 Nc6 3. Bb5 Nd4 4. Nxd4 cxd4 5. O-O a6 6. Bc4 e6 7. d3 b5 8. Bb3
Bb7 9. Re1 Nf6 10. Bg5 h6 11. Bh4 Be7 12. f4 Qc7 13. Bg3 d6 14. Nd2 e5 15. Rc1
O-O 16. c3 dxc3 17. Rxc3 Qb6+ 18. Kh1 Nd7 19. Qg4 Rad8 20. Rec1 Bf6 21. f5 Bg5
22. Qe2 Qe3 23. Qxe3 Bxe3 24. Rd1 Rc8 25. Nf3 a5 26. d4 Rxc3 27. bxc3 Bxe4 28.
dxe5 a4 29. Bxf7+ Rxf7 30. e6 Re7 31. Bxd6 Bxf5 32. Bxe7 Bxe6 33. Re1 Kf7 34.
Rxe3 Kxe7 35. Nd4 Nc5 36. Nxe6 Nxe6 37. Re5 Kd6 38. Rxb5 Nc5 39. c4 Ne4 40. a3
Kc6 41. Kg1 g5 42. Rb4 Nc3 43. Kf2 Kc5 44. Ke3 g4 45. Kd3 1-0

[Event "Jm KP1 24-25 Lipovec A - Duras Brno B"]
[Site "?"]
[Date "2024.10.20"]
[Round "4.4"]
[White "Tuma, Miroslav"]
[Black "Slouka, Lukas"]
[Result "0-1"]
[WhiteElo "1894"]
[BlackElo "1934"]
[PlyCount "60"]

1. e4 b6 2. d4 Bb7 3. Nc3 e6 4. f4 Bb4 5. Bd3 Nf6 6. Qe2 d5 7. exd5 Nxd5 8. Bd2
Nc6 9. Nf3 Nxc3 10. bxc3 Be7 11. O-O g6 12. Be4 Qd6 13. Ne5 O-O 14. Qf3 Nxd4
15. Qd3 Bxe4 16. Qxe4 Nf5 17. Nd3 Qd5 18. Qxd5 exd5 19. g4 Nd6 20. Nb4 Nc4 21.
Bc1 Bc5+ 22. Kh1 Bxb4 23. cxb4 f5 24. g5 Rfe8 25. b5 Re2 26. Rd1 Rd8 27. c3 Rc2
28. Re1 Rxc3 29. Re7 d4 30. Rxc7 Re8 0-1

[Event "Jm KP1 24-25 Lipovec A - Duras Brno B"]
[Site "?"]
[Date "2024.10.20"]
[Round "4.5"]
[White "Mizak, Jan"]
[Black "Fencl, Vaclav"]
[Result "1/2-1/2"]
[WhiteElo "1913"]
[BlackElo "1892"]
[PlyCount "52"]

1. d4 Nf6 2. Bf4 c5 3. c3 e6 4. e3 d5 5. Nf3 Be7 6. Bd3 O-O 7. Nbd2 b6 8. Qe2
Bb7 9. h3 Nbd7 10. O-O Ne4 11. a4 a5 12. Bb5 Ndf6 13. Ne5 Nd6 14. Nc6 Bxc6 15.
Bxc6 Rc8 16. Bb5 Nxb5 17. Qxb5 h6 18. Qe2 Bd6 19. Bxd6 Qxd6 20. Nf3 Nd7 21.
Rfd1 Rfe8 22. Qd2 Nf6 23. Ne5 Ne4 24. Qe2 Rc7 25. Qb5 Rec8 26. Qe2 Qe7 1/2-1/2

[Event "Jm KP1 24-25 Lipovec A - Duras Brno B"]
[Site "?"]
[Date "2024.10.20"]
[Round "4.6"]
[White "Zavadil, Michal"]
[Black "Flasar, Roman"]
[Result "1-0"]
[WhiteElo "1986"]
[BlackElo "1944"]
[PlyCount "41"]

1. d4 d5 2. Nc3 Nf6 3. Bf4 e6 4. Nb5 Na6 5. e3 c6 6. Nc3 b6 7. Nf3 Bb7 8. Ne5
Rc8 9. h4 Ne4 10. Bd3 Bb4 11. Bxe4 dxe4 12. Qg4 O-O 13. h5 Qe7 14. Bg5 f6 15.
Ng6 Qf7 16. Nxf8 Rxf8 17. Bf4 e5 18. dxe5 fxe5 19. Bxe5 Qxf2+ 20. Kd1 Bxc3 21.
Qxg7# 1-0

[Event "Jm KP1 24-25 Lipovec A - Duras Brno B"]
[Site "?"]
[Date "2024.10.20"]
[Round "4.7"]
[White "Chladek, Vlastimil"]
[Black "Hyrs, Martin"]
[Result "1/2-1/2"]
[WhiteElo "1996"]
[BlackElo "1862"]
[PlyCount "28"]

1. e4 e5 2. Nf3 Nf6 3. Nxe5 d6 4. Nxf7 Kxf7 5. Nc3 c5 6. Bc4+ Be6 7. Bxe6+ Kxe6
8. d4 Qa5 9. e5 cxd4 10. exf6 dxc3 11. O-O gxf6 12. Re1+ Kf7 13. Qg4 Nc6 14.
Qe6+ Kg7 1/2-1/2